Top 10 Most Famous Sports - Statistics

General Stats
  • This quiz has been taken 203 times
  • The average score is 7 of 10
Answer Stats
Hint Answer % Correct
#1 Soccer
97%
#7 Basketball
89%
#2 Cricket
81%
#4 Tennis
81%
#8 Baseball
77%
#3 Hockey
74%
#9 Rugby
65%
#10 Golf
58%
#5 Volleyball
52%
#6 Table Tennis
41%
No matching quizzes found
Score Distribution
Percent of People with Each Score
Percentile by Number Answered
Your Score History
You have not taken this quiz